Textbook on criminology / (Record no. 493)
[ view plain ]
| 000 -LEADER | |
|---|---|
| fixed length control field | 00572cam a2200193 a 4500 |
| 001 - CONTROL NUMBER | |
| control field | 17140743 |
| 005 - DATE AND TIME OF LATEST TRANSACTION | |
| control field | 20241031175221.0 |
| 008 - FIXED-LENGTH DATA ELEMENTS--GENERAL INFORMATION | |
| fixed length control field | 120130s2012 enk b 001 0 eng |
| 020 ## - INTERNATIONAL STANDARD BOOK NUMBER | |
| International Standard Book Number | 9780199592708 (Paperback) |
| 050 00 - LIBRARY OF CONGRESS CALL NUMBER | |
| Classification number | HV6025 |
| Item number | .W485 2012 |
| 100 1# - MAIN ENTRY--PERSONAL NAME | |
| Personal name | Williams, Katherine S. |
| 245 10 - TITLE STATEMENT | |
| Title | Textbook on criminology / |
| Statement of responsibility, etc. | Katherine S Williams. |
| 250 ## - EDITION STATEMENT | |
| Edition statement | 7th ed. |
| 260 ## - PUBLICATION, DISTRIBUTION, ETC. | |
| Place of publication, distribution, etc. | Oxford : |
| Name of publisher, distributor, etc. | Oxford University Press, |
| Date of publication, distribution, etc. | c2012. |
| 300 ## - PHYSICAL DESCRIPTION | |
| Extent | xv, 660 p. ; |
| Dimensions | 25 cm. |
| Other physical details | Index |
| 650 #0 - SUBJECT ADDED ENTRY--TOPICAL TERM | |
| Topical term or geographic name entry element | Criminology |
| Geographic subdivision | England. |
| 650 #0 - SUBJECT ADDED ENTRY--TOPICAL TERM | |
| Topical term or geographic name entry element | Criminology |
| Geographic subdivision | Wales. |
| 942 ## - ADDED ENTRY ELEMENTS (KOHA) | |
| Source of classification or shelving scheme | Library of Congress Classification |
| Koha item type | Books |
| Edition | 7th Ed. |
| Suppress in OPAC | No |
| 999 ## - | |
| -- | 493 |
| -- | 493 |
| Withdrawn status | Lost status | Source of classification or shelving scheme | Damaged status | Not for loan | Collection | Home library | Current library | Shelving location | Date acquired | Total checkouts | Full call number | Barcode | Date last seen | Copy number | Price effective from | Koha item type |
|---|---|---|---|---|---|---|---|---|---|---|---|---|---|---|---|---|
| Library of Congress Classification | Non-fiction | Law Library (Christ Temple) | Law Library (Christ Temple) | General stacks | 04/15/2025 | HV6025.W485 WIL | LLCT00000564 | 04/15/2025 | 1 | 04/15/2025 | Books | |||||
| Library of Congress Classification | Non-fiction | Law Library (Miotso) | Law Library (Miotso) | General stacks | 10/31/2024 | HV6025.W485 WIL | llm00000447 | 10/31/2024 | 1 | 10/31/2024 | Books | |||||
| Library of Congress Classification | Non-fiction | Law Library (Miotso) | Law Library (Miotso) | General stacks | 10/31/2024 | HV6025.W485 WIL | llm00000448 | 10/31/2024 | 2 | 10/31/2024 | Books |